A gliding bacterium strain inhibits adhesion and motility of another gliding bacterium strain in a marine biofilm /
Сохранить в:
| Главный автор: | |
|---|---|
| Другие авторы: | |
| Формат: | Статья |
| Язык: | English |
| Предметы: | |
| Метки: |
Добавить метку
Нет меток, Требуется 1-ая метка записи!
|
| Thư viện lưu trữ: | Thư viện Trường Đại học Đà Lạt |
|---|
| LEADER | 00991nam a2200325 4500 | ||
|---|---|---|---|
| 001 | DLU090091806 | ||
| 005 | ##20091201 | ||
| 040 | # | # | |a DLU |b eng |
| 041 | # | # | |a eng |
| 044 | # | # | |a us |
| 100 | # | # | |a Burchard, Robert P. |
| 245 | # | # | |a A gliding bacterium strain inhibits adhesion and motility of another gliding bacterium strain in a marine biofilm / |c Robert P. Burchard, Maria L. Sorongon. |
| 653 | # | # | |a Adhesion |
| 653 | # | # | |a Bacteria |
| 653 | # | # | |a Biofilms |
| 653 | # | # | |a Cytophaga |
| 653 | # | # | |a Inhibition |
| 653 | # | # | |a Marine environment |
| 653 | # | # | |a Motility |
| 700 | # | # | |a Sorongon, Maria L. |
| 773 | # | # | |t Applied and Environmental Microbiology |g Vol. 64, no. 10 (October 1998), p. 4079-4083 |
| 920 | # | # | |a Phòng Tạp chí -- Trung tâm Thông tin - Thư viện Trường Đại học Đà Lạt |
| 994 | # | # | |a DLU |
| 900 | # | # | |a True |
| 911 | # | # | |a Trương Bảo Trâm Anh |
| 925 | # | # | |a G |
| 926 | # | # | |a A |
| 927 | # | # | |a BB |
| 980 | # | # | |a Thư viện Trường Đại học Đà Lạt |